Conciencia religiosa y democracia / (Record no. 108868)

MARC details
000 -LEADER
campo de control de longitud fija 00595nam a2200181 4500
001 - NÚMERO DE CONTROL
campo de control 108868
003 - IDENTIFICADOR DE NÚMERO DE CONTROL
campo de control ES-MaACL
007 - CAMPO FIJO DE DESCRIPCIÓN FÍSICA--INFORMACIÓN GENERAL
campo de control de longitud fija t|
008 - DATOS DE LONGITUD FIJA--INFORMACIÓN GENERAL
campo de control de longitud fija 061121s1966 sp r ||||1| spa d
100 1# - ENTRADA PRINCIPAL--NOMBRE DE PERSONA
Nombre de persona Montuclard, Maurice.
9 (RLIN) 82754
245 10 - MENCIÓN DEL TÍTULO
Título Conciencia religiosa y democracia /
Mención de responsabilidad, etc. Maurice Montuclard ; versión de Florentino Trapero, con una introducción de Pedro Altares.
260 ## - PUBLICACIÓN, DISTRIBUCIÓN, ETC.
Lugar de publicación, distribución, etc. [Madrid] :
Nombre del editor, distribuidor, etc. Taurus,
Fecha de publicación, distribución, etc. [1966]
300 ## - DESCRIPCIÓN FÍSICA
Extensión XX , 412 p. ;
Dimensiones 18 cm.
700 1# - ENTRADA AGREGADA--NOMBRE PERSONAL
Nombre de persona Trapero, Florentino.
9 (RLIN) 176602
700 1# - ENTRADA AGREGADA--NOMBRE PERSONAL
Nombre de persona Altares, Pedro.
9 (RLIN) 20521
852 ## - LOCALIZACIÓN
Ubicación ES-MaACL
Número de control de estantería G-15937
Sublocalización o colección R.62272
Holdings
Estatus retirado Estado de pérdida Estado de daño No para préstamo Biblioteca de origen Biblioteca actual Ubicación en estantería Fecha de adquisición Fuente de adquisición Total de préstamos Signatura topográfica completa Código de barras Visto por última vez Precio de reemplazo Tipo de ítem Koha
        Biblioteca del Ateneo de Madrid Biblioteca del Ateneo de Madrid Sala Pecera Planta 3 17/01/2008     G-15937 1113599 23/02/2023 23/02/2023 Libro impreso